Slovensko vyváža čoraz viac jednotiek a núl

Automobilový priemysel ťahúňom minuloročného exportu SR. Najvýznamnejší obchodní partneri Slovenska. Vývoz aj do Iránu. Podiel služieb na exporte. Vývoz nehmotných produktov v oblasti hi-tech. Najväčší hráči: Eset, IBM International Services Centre, AT&T Global Network Services Slovakia.

Salvato in:
Dettagli Bibliografici
Autore principale: Orgoňová, Vladimíra
Altri autori: Nejedlý, Tomáš
Natura: Capitolo di libro
Lingua:slovacco
Soggetti:
Tags: Aggiungi Tag
Nessun Tag, puoi essere il primo ad aggiungerne!!

MARC

LEADER 00000naa a2200000 4500
001 0214215
005 20231113104734.3
041 0 |a slo 
044 |a SK 
245 1 0 |a Slovensko vyváža čoraz viac jednotiek a núl  |c Vladimíra Orgoňová, Tomáš Nejedlý 
520 |a Automobilový priemysel ťahúňom minuloročného exportu SR. Najvýznamnejší obchodní partneri Slovenska. Vývoz aj do Iránu. Podiel služieb na exporte. Vývoz nehmotných produktov v oblasti hi-tech. Najväčší hráči: Eset, IBM International Services Centre, AT&T Global Network Services Slovakia. 
610 2 0 |a obchod zahraničný 
610 2 0 |a vývoz 
610 2 0 |a priemysel automobilový 
610 2 0 |a služby 
610 2 0 |a technológie informačné 
610 2 0 |a technológie komunikačné 
610 2 0 |a softvér 
610 2 0 |a Slovensko 
100 1 |a Orgoňová, Vladimíra 
700 1 |a Nejedlý, Tomáš